Ciudades de Colombia - ¡Muerte Súbita! - Estadísticas

Estadísticas generales
  • Esta prueba ha sido intentada 4.025 veces
  • La puntuación promedio es 10 de 20
Answers on the Grid
Answers color-coded by a green-red scale on the quiz's grid according to % correct below.
Bogotá
Medellín
Cali
Barranquilla
Cartagena
Cúcuta
Bucaramanga
Villavicencio
Valledupar
Santa Marta
Ibagué
Neiva
Armenia
Montería
Pasto
Yopal
Tunja
Leticia
Popayán
Buenaventura
David
Piura
Santo Domingo
Buena Vista
Manaus
Tabatinga
Tulcán
Esmeraldas
Guayaquil
Quito
Iquitos
Maturín
Mérida
Maracaibo
Colón
Caracas
 
Estadísticas de respuestas
Respuesta % Correcto
Bogotá
77%
Medellín
76%
Barranquilla
74%
Cali
74%
Cartagena
71%
Bucaramanga
58%
Cúcuta
52%
Santa Marta
51%
Armenia
44%
Ibagué
44%
Pasto
44%
Villavicencio
44%
Leticia
42%
Popayán
41%
Valledupar
41%
Buenaventura
40%
Montería
39%
Neiva
38%
Tunja
37%
Yopal
35%
No se encontraron pruebas coincidentes
Distribución de puntuación
Porcentaje de gente con cada puntuación
Porcentaje por número respondido
Historial de tus puntuaciones
No has intentado esta prueba.